书目信息 |
| 题名: |
临床诊断与影像学
|
|
| 作者: | 廖浩 编著 | |
| 分册: | ||
| 出版信息: | 昆明 云南科技出版社 2013.12 |
|
| 页数: | 181页 | |
| 开本: | 21cm | |
| 丛书名: | ||
| 单 册: | ||
| 中图分类: | R445 | |
| 科图分类: | ||
| 主题词: | 影象诊断 | |
| 电子资源: | ||
| ISBN: | 978-7-5416-7855-4 | |
| 000 | 00680nam0 2200217 450 | |
| 001 | 5307 | |
| 005 | 20181015131407.15 | |
| 010 | @a978-7-5416-7855-4@dCNY36.00 | |
| 100 | @a20150318d2013 em y0chiy50 ea | |
| 101 | 0 | @achi |
| 102 | @aCN@b530000 | |
| 105 | @ay z 000yy | |
| 200 | 1 | @a临床诊断与影像学@9lin chuang zhen duan yu ying xiang xue@b专著@f廖浩编著 |
| 210 | @a昆明@c云南科技出版社@d2013.12 | |
| 215 | @a181页@d21cm | |
| 330 | @a本书共7章,包括中枢神经系统、头颈部、肺与纵隔、乳腺、消化系统等的诊断与影像学内容。 | |
| 606 | 0 | @a影象诊断 |
| 690 | @aR445@v5 | |
| 701 | 0 | @a廖浩@9liao hao@c(临床医学)@4编著 |
| 801 | 0 | @aCN@b91MARC@c20160705 |
| 905 | @aMuseLib@dR445@e127 | |
| 临床诊断与影像学/廖浩编著.-昆明:云南科技出版社,2013.12 |
| 181页;21cm |
| ISBN 978-7-5416-7855-4:CNY36.00 |
| 本书共7章,包括中枢神经系统、头颈部、肺与纵隔、乳腺、消化系统等的诊断与影像学内容。 |
| ● |
| 相关链接 |
|
|
|
|
正题名:临床诊断与影像学
索取号:R445/127
 
预约/预借
| 序号 | 登录号 | 条形码 | 馆藏地/架位号 | 状态 | 备注 |
| 1 | 1129094 | 211290949 | 第二样本阅览室/ [索取号:R445/127] | 在馆 | |
| 2 | 1129095 | 211290958 | 第三借阅区/ [索取号:R445/127] | 在馆 | |
| 3 | 1129096 | 211290967 | 第三借阅区/ [索取号:R445/127] | 在馆 | |
| 4 | 1129097 | 211290976 | 第三借阅区/ [索取号:R445/127] | 在馆 | |
| 5 | 1129098 | 211290985 | 密集书库-资源管理系/ [索取号:R445/127] | 在馆 |